000 00572nam a2200217Ia 4500
008 230125s9999 xx 000 0 und d
020 _a81-314-1262
041 _aeng
082 _a658.312 44
_bSAN
100 _aSangeetha K, Ed.
_9109281
245 _aEmployee Loyalty : An Introduction
250 _a1st Ed.
260 _c2008
_bICFAI publication
_aHyderabad
300 _a243p
440 _aICFAI
500 _aEmployee Loyalty;HRM Gen
650 _aHuman Resource Management
700 _aSangeetha K, Ed.
_9109281
906 _b90
999 _c85957
_d85957